000 00439nam a22001457a 4500
082 _a516.4
_bBLU
_cL-2, P-15
100 _aBlumenthal, Leonard M.
_939407
245 _aA modern view of geometry
_cBlumenthal, Leonard M.
260 _aUSA
_bW.H. Freeman and company
_c1961
300 _axii, 191 p.:
_bill.;
526 _a0
_b0
_c0
_d516_400000000000000_BLU
650 _aMCE
_9379
700 _aBlumenthal, Leonard M.
_939407
942 _2ddc
_cBK
999 _c543906
_d543906